[Event "Brno Duras BVK op-A"]
[Site "Brno"]
[Date "2004.07.08"]
[Round "6"]
[White "Cupal, Miroslav"]
[Black "Ciprys, Martin"]
[Result "0-1"]
[WhiteElo "2012"]
[BlackElo "2109"]
[PlyCount "50"]
[EventDate "2004.07.??"]
[EventType "swiss"]
[EventRounds "9"]
[EventCountry "CZE"]
[SourceTitle "EXT 2005"]
[Source "ChessBase"]
[SourceDate "2004.11.15"]
[SourceVersion "1"]
[SourceVersionDate "2004.11.15"]
[SourceQuality "1"]

1. e4 e5 2. Nf3 Nc6 3. Bb5 f5 4. d3 fxe4 5. dxe4 Nf6 6. Nc3 Bc5 7. Bg5 d6 8. Nd5 Bxf2+ 9. Ke2 Bb6 10. Qe1 Be6 11. Qh4 0-0 12. Nxf6+ gxf6 13. Bh6 Rf7 14. g4 Ne7 15. Qg3 c6 16. Bd3 Qd7 17. Raf1 Kh8 18. h3 Rg8 19. Nh4 f5 20. g5 f4 21. Qf3 d5 22. Qh5 dxe4 23. Bxe4 Qd4 24. Qf3 Bc4+ 25. Bd3 e4 0-1

[Event "CZE-chT2d 0304"]
[Site "Czech Republic"]
[Date "2004.??.??"]
[Round "?"]
[White "Ciprys, Martin"]
[Black "Stefl, Vladimir"]
[Result "0-1"]
[WhiteElo "2142"]
[BlackElo "2135"]
[PlyCount "126"]
[EventDate "2003.??.??"]
[EventType "team"]
[EventRounds "11"]
[EventCountry "CZE"]
[SourceTitle "EXT 2007"]
[Source "ChessBase"]
[SourceDate "2006.11.23"]
[SourceVersion "1"]
[SourceVersionDate "2006.11.23"]
[SourceQuality "1"]

1. e4 e6 2. d4 d5 3. Nd2 Nf6 4. e5 Nfd7 5. Bd3 c5 6. c3 Nc6 7. Ne2 cxd4 8. cxd4 f6 9. exf6 Nxf6 10. 0-0 Bd6 11. Nf3 0-0 12. Bf4 Bxf4 13. Nxf4 Ne4 14. Nh5 g6 15. Ng3 Nxg3 16. hxg3 Qb6 17. Qa4 a6 18. Qb3 Qd8 19. Rad1 Qd6 20. Rfe1 Rxf3 21. gxf3 Nxd4 22. Qc3 Nxf3+ 23. Kf1 Nxe1 24. Rxe1 Bd7 25. Qd4 Bb5 26. Bxb5 axb5 27. Qf6 Re8 28. f4 d4 29. Rd1 d3 30. Rd2 Rc8 31. Kf2 Rc2 32. Ke3 Rxd2 33. Kxd2 Qd5 34. Qh4 b4 35. b3 Qd4 36. Qe7 Qc3+ 37. Ke3 d2+ 38. Ke2 Qxg3 39. Qxe6+ Kg7 40. Qe7+ Kh6 41. Qf8+ Kh5 42. Kxd2 Qc3+ 43. Ke2 Kg4 44. Qe7 Qf3+ 45. Ke1 Qxf4 46. Qxh7 g5 47. Qd7+ Kg3 48. Qd3+ Kh2 49. Qc2+ Kh3 50. Qc8+ g4 51. Qd7 Kh2 52. Qh7+ Kg1 53. Qg6 g3 54. Ke2 Qf2+ 55. Kd1 g2 56. Qg5 Qd4+ 57. Ke2 Qe4+ 58. Kd1 Qb1+ 59. Ke2 Qxa2+ 60. Kd1 Qxb3+ 61. Ke2 Qc4+ 62. Ke1 Qc3+ 63. Ke2 b3 0-1

[Event "MOR-chT 0203"]
[Site "Moravia"]
[Date "2003.02.08"]
[Round "7"]
[White "Lahner, Jakub"]
[Black "Ciprys, Martin"]
[Result "1-0"]
[WhiteElo "2262"]
[BlackElo "2114"]
[PlyCount "57"]
[EventDate "2002.10.??"]
[EventType "team"]
[EventRounds "11"]
[EventCountry "CZE"]
[SourceTitle "EXT 2006"]
[Source "ChessBase"]
[SourceDate "2005.11.24"]
[SourceVersion "1"]
[SourceVersionDate "2005.11.24"]
[SourceQuality "1"]

1. d4 d5 2. c4 e6 3. Nf3 Nf6 4. g3 dxc4 5. Bg2 Bd6 6. Nbd2 b5 7. a4 c6 8. axb5 cxb5 9. Ng1 Nd5 10. e4 Nb4 11. e5 Bxe5 12. dxe5 Qd4 13. Kf1 N8c6 14. Ngf3 Qd5 15. Qe2 Bb7 16. Ne1 Qd4 17. Ndf3 Qd7 18. Be3 0-0 19. Bc5 Rfd8 20. Bd6 a5 21. Kg1 Nd5 22. Ng5 h6 23. Ne4 Nd4 24. Qg4 Nf5 25. Rd1 Kh8 26. Nc5 Qc8 27. Nxb7 Qxb7 28. Bxd5 Qb6 29. Bxa8 1-0

[Event "MOR-chT2S 0203"]
[Site "Moravia"]
[Date "2003.01.26"]
[Round "7"]
[White "Sekanina, Jiri"]
[Black "Ciprys, Martin"]
[Result "1-0"]
[WhiteElo "2139"]
[BlackElo "2114"]
[PlyCount "119"]
[EventDate "2002.10.??"]
[EventType "team"]
[EventRounds "11"]
[EventCountry "CZE"]
[SourceTitle "EXT 2006"]
[Source "ChessBase"]
[SourceDate "2005.11.24"]
[SourceVersion "1"]
[SourceVersionDate "2005.11.24"]
[SourceQuality "1"]

1. c4 e5 2. Nc3 Nc6 3. Nf3 Nf6 4. a3 d5 5. cxd5 Nxd5 6. d3 Be7 7. g3 Be6 8. Bg2 Qd7 9. Ng5 Bxg5 10. Bxg5 h6 11. Bd2 Rd8 12. 0-0 Nd4 13. Rc1 c6 14. Be3 h5 15. Ne4 Bh3 16. Nc5 Qc8 17. Bxd4 exd4 18. Bxh3 Qxh3 19. e4 dxe3 20. fxe3 0-0 21. Qf3 Nf6 22. d4 Rde8 23. Rc2 b6 24. Nd3 Qe6 25. Re1 Rc8 26. Nf4 Qf5 27. e4 Qg4 28. Qxg4 hxg4 29. e5 g5 30. Ng2 Nd5 31. Rec1 Ne7 32. Ne3 Rfd8 33. Rd1 Kg7 34. b4 Kg6 35. Rf2 Kg7 36. Rdf1 Rf8 37. Nxg4 Rcd8 38. Rd2 c5 39. bxc5 bxc5 40. Rfd1 c4 41. Rc1 Kg6 42. Rxc4 Kf5 43. Nf6 Ng6 44. Rf2+ Ke6 45. Rc6+ Ke7 46. d5 Nxe5 47. Re2 Rd6 48. Ng4 Rxc6 49. dxc6 f6 50. Nxe5 fxe5 51. Rxe5+ Kf6 52. Rc5 Rc8 53. c7 Ke6 54. Kf2 Kd6 55. Rc2 Ke5 56. Ke3 g4 57. Rc5+ Kd6 58. Kd4 Ke6 59. Ke4 Kd6 60. Rc2 1-0

[Event "MOR-chT2S 0203"]
[Site "Moravia"]
[Date "2002.10.13"]
[Round "1"]
[White "Karpilovsky, Oleg"]
[Black "Ciprys, Martin"]
[Result "1-0"]
[WhiteElo "2221"]
[BlackElo "2114"]
[PlyCount "71"]
[EventDate "2002.10.??"]
[EventType "team"]
[EventRounds "11"]
[EventCountry "CZE"]
[SourceTitle "EXT 2006"]
[Source "ChessBase"]
[SourceDate "2005.11.24"]
[SourceVersion "1"]
[SourceVersionDate "2005.11.24"]
[SourceQuality "1"]

1. e4 c5 2. c3 d5 3. exd5 Qxd5 4. d4 Nf6 5. Nf3 Bg4 6. Be2 e6 7. h3 Bh5 8. 0-0 Nbd7 9. c4 Qc6 10. Nc3 cxd4 11. Nxd4 Bxe2 12. Qxe2 Qc5 13. Be3 Qe5 14. f4 Qh5 15. Qxh5 Nxh5 16. Ndb5 Rc8 17. Ne4 Rc6 18. Rad1 f5 19. Ng5 h6 20. Nf7 Rg8 21. Nxa7 Bc5 22. Bxc5 Rxc5 23. b4 Rc7 24. Nd6+ Ke7 25. c5 g5 26. fxg5 hxg5 27. Ndb5 Rc6 28. Nxc6+ bxc6 29. Nd4 Ne5 30. Rfe1 Kf6 31. Nxe6 Ng3 32. Nxg5 Nc4 33. Rd4 Nb2 34. h4 Na4 35. Re6+ Kg7 36. Rd7+ 1-0

[Event "CZE-ch U20"]
[Site "Kunzak"]
[Date "2002.02.11"]
[Round "4"]
[White "Jirka, Jiri"]
[Black "Ciprys, Martin"]
[Result "1-0"]
[WhiteElo "2339"]
[BlackElo "2111"]
[PlyCount "75"]
[EventDate "2002.02.08"]
[EventType "tourn"]
[EventRounds "11"]
[EventCountry "CZE"]
[SourceTitle "EXT 2009"]
[Source "ChessBase"]
[SourceDate "2008.11.26"]
[SourceVersion "1"]
[SourceVersionDate "2008.11.26"]
[SourceQuality "1"]

1. d4 d5 2. Nf3 e6 3. g3 Nf6 4. Bg2 Nbd7 5. c4 c6 6. 0-0 Bd6 7. Bf4 Qe7 8. Nc3 0-0 9. Bxd6 Qxd6 10. Nd2 e5 11. cxd5 Nxd5 12. Nxd5 cxd5 13. dxe5 Qxe5 14. b3 Nf6 15. Nf3 Qh5 16. Rc1 Re8 17. Rc7 b6 18. Qd2 Bf5 19. Nd4 Be4 20. f3 Qe5 21. Rfc1 Bg6 22. Rb7 h6 23. Rcc7 Rac8 24. Rxc8 Rxc8 25. Rxa7 Qb8 26. Ra4 Qc7 27. Rb4 Nd7 28. Bh3 Re8 29. Bxd7 Qxd7 30. Rxb6 Qa7 31. Rb5 Qd7 32. Rc5 h5 33. a4 h4 34. Qf4 hxg3 35. hxg3 Qh3 36. Rc7 Qh5 37. a5 Ra8 38. b4 1-0

[Event "Brno Duras BVK op-A"]
[Site "Brno"]
[Date "2002.??.??"]
[Round "7"]
[White "Ciprys, Martin"]
[Black "Bures, Vit"]
[Result "1/2-1/2"]
[WhiteElo "2111"]
[BlackElo "2165"]
[PlyCount "109"]
[EventDate "2002.??.??"]
[EventType "swiss"]
[EventRounds "9"]
[EventCountry "CZE"]
[SourceTitle "EXT 2006"]
[Source "ChessBase"]
[SourceDate "2005.11.24"]
[SourceVersion "1"]
[SourceVersionDate "2005.11.24"]
[SourceQuality "1"]

1. e4 c5 2. c3 d5 3. exd5 Qxd5 4. d4 Nf6 5. Nf3 Bg4 6. Be2 e6 7. 0-0 Be7 8. Be3 cxd4 9. cxd4 0-0 10. Nc3 Qd8 11. Qb3 Qb6 12. Qxb6 axb6 13. h3 Bf5 14. g4 Bg6 15. Ne5 Rd8 16. Rac1 Nc6 17. g5 Nd7 18. Nxg6 hxg6 19. Rfd1 e5 20. d5 Nd4 21. Bxd4 exd4 22. Ne4 Nc5 23. Rxd4 Nxe4 24. Rxe4 Bxg5 25. Rc7 Rxa2 26. d6 Rxb2 27. Bc4 Rd2 28. Bxf7+ Kh8 29. Rg4 Bf6 30. Rcc4 g5 31. h4 Rf8 32. hxg5 Bxg5 33. Rxg5 Rxf7 34. Rg6 Rd7 35. Rc7 R2xd6 36. Rxd6 Rxd6 37. Rxb7 Kh7 38. Kg2 Kg6 39. Kf3 Kf6 40. Ke4 g6 41. Kf4 Rd4+ 42. Ke3 Rb4 43. f4 Rb1 44. Kf3 Rb4 45. Rb8 Rb3+ 46. Kg4 Rb4 47. Rf8+ Kg7 48. Rb8 Kf7 49. Kg5 Rb5+ 50. Kg4 Kg7 51. Rb7+ Kh6 52. Rb8 g5 53. Rh8+ Kg7 54. Rh5 Kg6 55. Rxg5+ 1/2-1/2

[Event "Brno Duras BVK op-A"]
[Site "Brno"]
[Date "2002.??.??"]
[Round "3"]
[White "Markovic, Ivan1111"]
[Black "Ciprys, Martin"]
[Result "0-1"]
[WhiteElo "2305"]
[BlackElo "2111"]
[PlyCount "60"]
[EventDate "2002.??.??"]
[EventType "swiss"]
[EventRounds "9"]
[EventCountry "CZE"]
[SourceTitle "EXT 2006"]
[Source "ChessBase"]
[SourceDate "2005.11.24"]
[SourceVersion "1"]
[SourceVersionDate "2005.11.24"]
[SourceQuality "1"]

1. e4 c5 2. Nf3 Nc6 3. d4 cxd4 4. Nxd4 Nf6 5. Nc3 e5 6. Ndb5 d6 7. Bg5 a6 8. Na3 b5 9. Bxf6 gxf6 10. Nd5 Bg7 11. Bd3 Ne7 12. Qf3 Nxd5 13. exd5 Qd7 14. c3 f5 15. 0-0 0-0 16. Qh5 Rb8 17. Rad1 h6 18. f4 e4 19. Bb1 b4 20. cxb4 Rxb4 21. b3 a5 22. Rfe1 Qa7+ 23. Kh1 Rd4 24. Nc4 Rxd1 25. Qxd1 Qc5 26. Re2 Ba6 27. Rc2 Re8 28. g4 Bxc4 29. Rxc4 Qf2 30. gxf5 e3 0-1

[Event "Brno Duras BVK op-A"]
[Site "Brno"]
[Date "2001.??.??"]
[Round "9"]
[White "Micanek, Tomas"]
[Black "Ciprys, Martin"]
[Result "1-0"]
[WhiteElo "2125"]
[BlackElo "2171"]
[PlyCount "81"]
[EventDate "2001.??.??"]
[EventType "swiss"]
[EventRounds "9"]
[EventCountry "CZE"]
[SourceTitle "EXT 2003"]
[Source "ChessBase"]
[SourceDate "2002.11.25"]
[SourceVersion "1"]
[SourceVersionDate "2002.11.25"]
[SourceQuality "1"]

1. e4 c5 2. Nc3 Nc6 3. f4 e6 4. Nf3 Nge7 5. d4 cxd4 6. Nxd4 Nxd4 7. Qxd4 Nc6 8. Qf2 Bb4 9. Bd2 0-0 10. 0-0-0 b5 11. Nxb5 Ba6 12. Bxb4 Nxb4 13. a3 Bxb5 14. Bxb5 Qb8 15. Bc4 Rc8 16. axb4 Rxc4 17. e5 Qxb4 18. c3 Rac8 19. Rd3 Rxf4 20. Qxa7 Qe4 21. Qxd7 Rf8 22. Rhd1 Qxe5 23. Qd6 Qg5 24. R1d2 g6 25. Qc6 Qf5 26. Rf3 Rxf3 27. Qxf3 Qb5 28. Qd3 Qb3 29. c4 Qa2 30. Qc3 Rc8 31. b3 Qa3+ 32. Kc2 Qc5 33. b4 Qf5+ 34. Kb3 e5 35. b5 e4 36. Qd4 Qe6 37. Re2 f5 38. g4 Rb8 39. Kb4 Qe7+ 40. c5 Kf8 41. Qh8+ 1-0

[Event "Moravia-ch"]
[Site "Moravia"]
[Date "1997.??.??"]
[Round "?"]
[White "Ciprys, Martin"]
[Black "Krejci, Jakub"]
[Result "0-1"]
[WhiteElo "1850"]
[BlackElo "2125"]
[PlyCount "66"]
[EventDate "1997.??.??"]
[EventType "swiss"]
[EventRounds "9"]
[EventCountry "CZE"]
[SourceTitle "EXT 1999"]
[Source "ChessBase"]
[SourceDate "1998.11.16"]
[SourceVersion "1"]
[SourceVersionDate "1998.11.16"]
[SourceQuality "1"]

1. e4 c5 2. Nc3 Nc6 3. Nf3 d6 4. d4 cxd4 5. Nxd4 e6 6. Be2 Nf6 7. Be3 Be7 8. 0-0 0-0 9. Qd2 a6 10. f3 Qc7 11. Rad1 b5 12. a3 Bb7 13. Bd3 Rfd8 14. Qe2 Rac8 15. f4 Na5 16. h3 Nc4 17. Bxc4 Qxc4 18. Qd3 b4 19. axb4 Qxb4 20. e5 dxe5 21. fxe5 Nd7 22. Nf5 exf5 23. Qxf5 Nxe5 24. Qxe5 Rxd1 25. Rxd1 Bf6 26. Qf5 Re8 27. Bc5 Qxb2 28. Nd5 Bxd5 29. Qxd5 Qxc2 30. Qd7 Qxc5+ 31. Kh1 Rd8 32. Qxd8+ Bxd8 33. Rxd8+ Qf8 0-1

[Event "Moravia-ch"]
[Site "Moravia"]
[Date "1997.??.??"]
[Round "?"]
[White "Svoboda, Petr"]
[Black "Ciprys, Martin"]
[Result "1-0"]
[WhiteElo "1945"]
[BlackElo "1850"]
[PlyCount "73"]
[EventDate "1997.??.??"]
[EventType "swiss"]
[EventRounds "9"]
[EventCountry "CZE"]
[SourceTitle "EXT 1999"]
[Source "ChessBase"]
[SourceDate "1998.11.16"]
[SourceVersion "1"]
[SourceVersionDate "1998.11.16"]
[SourceQuality "1"]

1. Nf3 c5 2. b3 d5 3. e3 Nc6 4. Bb2 Nf6 5. Bb5 Bd7 6. 0-0 e6 7. d3 Be7 8. Nbd2 Qc7 9. Bxc6 Bxc6 10. Ne5 Bd6 11. f4 Rg8 12. c4 Nd7 13. Qh5 Nf6 14. Qh3 h6 15. Rac1 Nd7 16. Nxc6 Qxc6 17. cxd5 Qxd5 18. e4 Qc6 19. b4 Be7 20. Rc2 Qb6 21. bxc5 Bxc5+ 22. Kh1 Rd8 23. Nb3 Be7 24. Bd4 Qa6 25. e5 g6 26. Rfc1 b6 27. Bf2 Rh8 28. d4 Qb7 29. Rc6 Nc5 30. Qf3 Nxb3 31. axb3 Rd5 32. Rc8+ Bd8 33. Bh4 Kd7 34. Qc3 Ke8 35. Qb4 a6 36. Bxd8 Rxd8 37. R8c7 1-0